000 00651nam a2200253Ia 4500
005 20260429112124.0
008 260429s9999||||xx |||||||||||||| ||und||
020 _a9789371369107
041 _aEnglish
082 _a576.5
_bKLU
100 _aKlug, William S.
245 0 _aEssentials of genetics /
_cWilliam S. Klug
250 _a10th ed.
260 _aNoida :
_bPearson,
_c2026.
300 _a600 p.; pbk
650 _a Mendelian
650 _a Mitosis
650 _aGenetics
700 _a Cummings, Michael R.
700 _a Killian, Darrell J.
700 _a Palladino, Michael A.
700 _a Spencer, Charlotte
942 _cTB
999 _c52464
_d52464